| 000 | 00633nam a2200193 a 4500 | ||
|---|---|---|---|
| 001 | BRCA_1221 | ||
| 005 | 20190320203332.0 | ||
| 008 | 290705s1992----mx-a---###---#000-0#spa-d | ||
| 020 | _a968672401X | ||
| 050 | 4 |
_aNA753 _b.C66 1992 |
|
| 100 | 1 |
_aCortina Portilla, Manuel _9755 |
|
| 245 | 1 | 0 |
_aTres joyas coloniales en México _cManuel Cortina Portilla. |
| 260 |
_aMéxico _bCONSA _c1992 |
||
| 300 |
_a77 p. _bil. a color _c30 cm. |
||
| 651 | 4 |
_aZacatecas (México) _xHistoria _94007 |
|
| 651 | 4 |
_aTemplo de San Agustín _zSalamanca (México) _94008 |
|
| 651 | 4 |
_aPlaza de Santo Domingo _xHistoria _zCiudad de México _94009 |
|
| 942 |
_2lcc _cB |
||
| 999 |
_c1093 _d1093 |
||